Riconosci il Calciatore - Quiz n°29 - Statistics

Statistiche generali
  • Questo quiz è stato fatto 29 volte
  • Il punteggio medio è 10 su 23
Statistiche sulle risposte
Indizio Risposta % Corretto
Nazionalità Spagna
92%
Ruolo Difensore
84%
Squadra di club 5 Villarreal 2007-2011
72%
Squadra di club 1 Espanyol B 1998-1999
68%
Squadra di club 6 Benfica 2011-2012
64%
Squadra di club 4 Deportivo La Coruña 2000-2007
64%
Squadra di club 7 Espanyol 2012-2014
56%
Squadra di club 10 FC Santa Coloma 2016-2017
56%
Squadra di club 8 NorthEast Utd 2014-2015
56%
Trofei per club Coppa di Spagna: 1
Deportivo La Coruña: 2001-2002
Supercoppa di Spagna: 2
Deportivo La Coruña: 2000, 2002
Coppa di Lega portoghese: 1
Benfica: 2011-2012
Primera Divisió: 1
FC Santa Coloma: 2016-2017
Supercopa andorrana: 1
FC Santa Coloma: 2017
52%
Squadra di club 3 Atletico Madrid 1999-2000
48%
Squadra di club 9 Lierse 2015-2015
48%
Squadra di club 2 Espanyol 1998-1999
44%
Data di nascita 03/02/1978
40%
Gol in nazionale 4
24%
Altezza 182 cm
20%
Presenze in nazionale 60
20%
Trofei individuali 0
16%
Gol nei club 55
16%
Peso 79 kg
16%
Trofei per nazionali Argento olimpico: 1 Sydney 2000 Campionato d'Europa: 1 Austria-Svizzera 2008 Campionato mondiale: 1 Sudafrica 2010
16%
Presenze nei club 686
12%
Calciatore Joan Capdevila
12%
Nessun quiz corrispondente trovato
Distribuzione punteggi
Percentuale di utenti per punteggio
Percentile per numero di risposta
I tuoi punteggi nel tempo
Non hai fatto questo quiz